Hodnotenie pozície vybraného podniku v odvetví diplomová práca

Guardado en:
Detalles Bibliográficos
Autor principal: Bagínová, Patrícia
Autor Corporativo: Fakulta podnikového manažmentu EU. Katedra podnikových financií
Otros Autores: Tóthová, Alena, 1968-
Formato: Libro
Lenguaje:eslovaco
Publicado: Bratislava 2015
Etiquetas: Agregar Etiqueta
Sin Etiquetas, Sea el primero en etiquetar este registro!

MARC

LEADER 00000nbm a2200000 4500
001 0201284
005 20161212101413.3
041 0 |a slo 
044 |a SK 
245 1 0 |a Hodnotenie pozície vybraného podniku v odvetví  |b diplomová práca  |c Patrícia Bagínová ; školiteľ: Alena Tóthová 
264 1 |a Bratislava  |c 2015 
300 |a 92 s. 
100 1 |a Bagínová, Patrícia 
700 1 |a Tóthová, Alena, 1968- 
710 2 |a Fakulta podnikového manažmentu EU. Katedra podnikových financií